People Who died in 2025 - Statistics

General Stats
  • This quiz has been taken 38 times
  • The average score is 5 of 9
Answer Stats
Industry Role in Industry Answer % Correct
World Leaders Head of the Vatican, the first non-European one Pope Francis
89%
Music Singer of Black Sabbath, Solo Artist Ozzy Osbourne
86%
World Leaders Former U.S. Vice President from 2001 to 2009 Dick Cheney
74%
Activism Co-Founder of Turning Point USA Charlie Kirk
71%
Science Studied chimpanzees and improved our understanding of them Jane Goodall
57%
Actor Batman in Batman Forever, Iceman in Top Gun Val Kilmer
57%
Sports 6 time WWF/WWE Champion and 6 time WCW World Champion Hulk Hogan
54%
Music Original lead guitarist of KISS, solo artist Ace Frehley
23%
Actor Alexander Pierce in the MCU Robert Redford
20%
No matching quizzes found
Score Distribution
Percent of People with Each Score
Percentile by Number Answered
Your Score History
You have not taken this quiz